01011cam a2200265 a 4500999001700000001000800017005001700025008004100042010001700083020001500100040001800115050002500133100002300158245008100181246001300262260004600275300003600321440003500357500003100392504006200423650005100485650004700536942003600583952012600619 c17461d17461261885120161126111421.0980217s1998 paua bc 000 0 eng  a 98084541  a0764305166 aDLCcDLCdDLC00aNK4890.N43bE88 19981 aEttinger, Roseann.10aPopular and collectible neckties :b1955 to the present /cRoseann Ettinger.30aNeckties aAtglen, PA :bSchiffer Pub. Ltd.,cc1998. a[160] p. :bcol. ill. ;c28 cm. 2aA Schiffer book for collectors a"With price guide"--Cover. aIncludes bibliographical references (p. [159]) and index. 0aNecktiesxCollectors and collectingxCatalogs. 0aNecktiesxHistoryy20th centuryxCatalogs. 2lcccBOOKShNK4890.N43 E88 1998 00102lcc4070aMUCbMUCcGENd2016-11-26eDonation(B.F.A)l0oNK4890.N43 E88 1998p28373r2016-11-26w2016-11-26yBOOKS